00267nam a2200097Ia 4500008004100000020001800041100002100059245003500080260004000115300001400155171205s9999 xx 000 0 und d a9789715428170 aTeodoro, Luis V. cLuis V. TeodoroaDivide by Two bUniversity of the Philippinesc2016 a243 pages